000
00299 a2200121 4500
005
20250628174256.0
020
_a
978-0-85732- 145-9
100
_a
ACCA
245
_a
Advanced Financial Management
260
_a
Britain
_b
Kaplan
_c
2010
300
_a
xxx, 622p.: ill; Table
_b
Index
_c
29cm
942
_2
ddc
_c
BKS
999
_c
6144
_d
6144